00789cam a22002291 4500001001300000003000400013005001700017008004100034010001700075035001900092040001900111042001200130050001700142100002600159245007900185260008200264300003300346410008200379500005000461650003100511999001700542gs 29000072 DLC20260227111333.0750917s1928 xx s000 0 eng  ags 29000072  a(OCoLC)1630333 aDLCcCtHTdDLC apremarc00aGB705.C8bS81 aSuttie, Roscoe Henry.10aReport on the water resources of Connecticut,cby Roscos [!] Henry Suttie. aHartford,bPrinted by the State geological and natural history survey,c1928. a168 p. incl. tables.c28 cm.20aState Geological and Natural History Survey of Connecticut.tBulletinvno. 44 aState of Connecticut. Public document no. 47. 0aWater-supplyzConnecticut. c26702d26702